000 00447nam a2200169 a 4500
001 0000-8729
003 ELIB.Books
008 110520 1966
035 _a(ELIB.Books)0000-8875
082 _a241
_bSel
100 _aSellers, James
245 _aTheological Ethics
260 _bNew York: Macmillan Publishing Co, Inc.
_c1966
650 _aDictionary of Christian Ethics
942 _2ddc
_cBK
998 _cbat
_e2011-05-20
999 _c8729
_d8729